Guess the kpop (Female version) Quiz Stats

 Plays Quiz not verified by Sporcle

Score 0/40 Timer 10:00
0 Plays Today
Answer % Correct
CL (2ne1)
90.2%
IU
89.8%
Hyoyeon (Snsd)
89.1%
Gain (Brown eyed girls)
87.6%
Sunny (Snsd)
86.8%
Nana (After school)
84.6%
Jimin (AOA)
83.5%
Ailee
82.9%
Minzy (2ne1)
82%
Eunji (Apink)
81.6%
LE (Exid)
80.1%
Jessi
76.5%
Soyou (Sistar)
75.8%
Bora (Sistar)
75%
Luna (F(X))
73.7%
Yuri (Snsd)
72.4%
Victoria (F(x))
71.2%
Jia (Miss a)
70.3%
Jiyeon (T-ara)
69.4%
Uee (After school)
66.7%
Answer % Correct
Wendy (Red velvet)
63.9%
Yeri (Red velvet)
63.7%
Hyeri (Girl's day)
61.3%
Gayoon (4Minute)
60.9%
Jiyoon (4Minute)
59.4%
Youngji (Kara)
59%
Solji (Exid)
58.6%
Min (Miss a)
58.3%
Hyomin (T-ara)
57.5%
Sorn (CLC)
56.6%
Yuna (AOA)
52.3%
Jea (Brown eyed girls)
47%
Hyosung (Secret)
45.7%
Seungyeon (Kara)
44.4%
Yewon (Jewelry)
25.2%
Whasa (Mamamoo)
22.9%
Haeryung (Bestie)
22%
D.ana (Sonamoo)
19.5%
Kisum
7.7%
Eunjung (Jewelry)
4.7%

You're not logged in!

Compare scores with friends on all Sporcle quizzes.
OR
Log In

Show Comments

Extras

Top Quizzes Today


Score Distribution

Your Account Isn't Verified!

In order to create a playlist on Sporcle, you need to verify the email address you used during registration. Go to your Sporcle Settings to finish the process.

Report this User

Report this user for behavior that violates our Community Guidelines.

Details: